[Event "Lichtenberger Sommer"]
[Site "Berlin"]
[Date "2009.08.21"]
[Round "7.92"]
[White "Oberbacher, Michael"]
[Black "Pitz, Marko"]
[Result "1/2-1/2"]
[WhiteElo "1301"]
[BlackElo "1478"]
[PlyCount "63"]
[EventDate "2009.??.??"]
[WhiteTeam "SC Braunschweig Gliesmarode v. 1"]
[BlackTeam "Greifswalder SV"]

1. e4 e5 2. Nf3 f5 3. Nxe5 Nf6 4. exf5 d5 5. d4 Bd6 6. Bd3 O-O 7. O-O a6 8. c4
c5 9. Nf3 Ne4 10. cxd5 Bxf5 11. Nc3 Nxc3 12. bxc3 Nd7 13. Bg5 Qe8 14. Qe2 Qh5
15. Bxf5 Bxh2+ 16. Nxh2 Qxe2 17. Bxd7 Kh8 18. dxc5 Qc4 19. d6 Qxc5 20. Be7 Rf7
21. Be6 Rxe7 22. dxe7 Qxe7 23. Bb3 b5 24. Rfe1 Qf6 25. Rac1 Rf8 26. Nf3 g5 27.
Rf1 Qf4 28. Nd4 Rf6 29. Rce1 Qd2 30. Re8+ Kg7 31. Re7+ Kh6 32. Re6 1/2-1/2

[Event "Lichtenberger Sommer"]
[Site "Berlin"]
[Date "2009.08.21"]
[Round "7.93"]
[White "Jiranek, Benno"]
[Black "Winz, Michael"]
[Result "1/2-1/2"]
[WhiteElo "1206"]
[BlackElo "1691"]
[PlyCount "127"]
[EventDate "2009.??.??"]
[WhiteTeam "SC Kreuzberg e.V."]
[BlackTeam "SC Friesen Lichtenberg e.V."]

1. d4 Nf6 2. c4 e6 3. Nc3 d5 4. Nf3 b6 5. g3 Bb7 6. Bg2 Nbd7 7. Bf4 dxc4 8. Nb5
Nd5 9. Qc1 a6 10. Nc3 Nxf4 11. Qxf4 Bd6 12. Qg4 O-O 13. h4 Nf6 14. Qh3 b5 15.
O-O Bc6 16. Ne5 Bxg2 17. Kxg2 Nd7 18. f4 c5 19. dxc5 Bxc5 20. Rad1 Ra7 21. Nc6
Qe8 22. Nxa7 Bxa7 23. Rd2 Qa8+ 24. Kh2 Nf6 25. Rfd1 h5 26. Qg2 Ng4+ 27. Kh1
Qxg2+ 28. Kxg2 Ne3+ 29. Kh1 Nxd1 30. Rxd1 b4 31. Na4 Rc8 32. Rd6 c3 33. bxc3
bxc3 34. Nxc3 Rxc3 35. Rd8+ Kh7 36. Rd7 Be3 37. Kg2 Ra3 38. Rxf7 Rxa2 39. Kf3
Ra3 40. Rd7 a5 41. Kg2 a4 42. Re7 Ra1 43. Rxe6 Bd4 44. e3 Bb2 45. Ra6 a3 46.
Kf3 Rc1 47. Ke4 Rc2 48. Kd3 Rg2 49. e4 Bc1 50. f5 Rxg3+ 51. Kc4 Rg4 52. Kd5 Rg2
53. e5 Rd2+ 54. Ke6 Rc2 55. Kd7 a2 56. e6 Bf4 57. e7 Rd2+ 58. Ke6 Rd6+ 59. Kf7
Rxa6 60. e8=Q Ra7+ 61. Ke6 a1=Q 62. Qg6+ Kg8 63. Qe8+ Kh7 64. Qg6+ 1/2-1/2

[Event "Lichtenberger Sommer"]
[Site "Berlin"]
[Date "2009.08.21"]
[Round "7.94"]
[White "Hübner, Alan-Ari"]
[Black "Richter, Dirk"]
[Result "1-0"]
[WhiteElo "1145"]
[BlackElo "1448"]
[PlyCount "35"]
[EventDate "2009.??.??"]
[WhiteTeam "KSC Strausberg Abt. Schach"]
[BlackTeam "SG Lok Brandenburg, Abt. Schach"]

1. d4 f5 2. c4 c6 3. Nc3 Nf6 4. Nf3 e6 5. e3 d6 6. Bd3 Be7 7. O-O O-O 8. Qc2 g6
9. b3 Nbd7 10. Bb2 e5 11. e4 exd4 12. Nxd4 Ne5 13. exf5 Nxd3 14. Qxd3 c5 15.
Ne6 Bxe6 16. fxe6 Nh5 17. Nd5 Ng7 18. Qc3 1-0

[Event "Lichtenberger Sommer"]
[Site "Berlin"]
[Date "2009.08.21"]
[Round "7.95"]
[White "Heldt, Ronny"]
[Black "Paris, Gerhard"]
[Result "0-1"]
[WhiteElo "1112"]
[BlackElo "1671"]
[PlyCount "60"]
[EventDate "2009.??.??"]
[WhiteTeam "Treptower SV 1949 e.V."]
[BlackTeam "TSG Oberschöneweide e.V."]

1. d4 Nf6 2. c4 g6 3. g3 Bg7 4. Bg2 d6 5. Nf3 O-O 6. O-O c5 7. d5 Bg4 8. h3
Bxf3 9. Bxf3 Nbd7 10. Nc3 Ne5 11. b3 Nxf3+ 12. exf3 Qd7 13. h4 Nh5 14. Bb2 Qh3
15. f4 Nxg3 16. fxg3 Bd4+ 17. Rf2 Qxg3+ 18. Kh1 Bxf2 19. Qf1 Qxh4+ 20. Kg2 Qg3+
21. Kh1 Qf3+ 22. Qg2 Qxg2+ 23. Kxg2 Bd4 24. Re1 Rae8 25. Kf3 e6 26. dxe6 Rxe6
27. Rxe6 fxe6 28. Kg4 h5+ 29. Kg3 e5 30. fxe5 Bxe5+ 0-1

[Event "Lichtenberger Sommer"]
[Site "Berlin"]
[Date "2009.08.21"]
[Round "7.96"]
[White "Heyne, Klaus"]
[Black "Stolze, Dirk"]
[Result "0-1"]
[WhiteElo "1169"]
[BlackElo "1536"]
[PlyCount "50"]
[EventDate "2009.??.??"]
[WhiteTeam "SC Rotation Pankow e.V."]
[BlackTeam "SK Tempelhof 1931 e.V."]

1. c4 c6 2. d4 d5 3. cxd5 cxd5 4. Nc3 Nf6 5. Nf3 Bf5 6. e3 a6 7. Bd3 Bxd3 8.
Qxd3 e6 9. a3 Bd6 10. O-O O-O 11. Qd1 Nc6 12. b4 Ne4 13. Bb2 f5 14. Nd2 Qh4 15.
Nf3 Qh6 16. Ne2 Rf6 17. Bc1 g5 18. g3 Qh5 19. Nd2 Rh6 20. h4 gxh4 21. Nf4 Qg5
22. Nf3 Qf6 23. Kg2 Kf7 24. Nxh4 Rg8 25. Nh5 Qxh4 0-1

[Event "Lichtenberger Sommer"]
[Site "Berlin"]
[Date "2009.08.21"]
[Round "7.97"]
[White "Stark, Steven"]
[Black "Berg, Gerd"]
[Result "1-0"]
[WhiteElo "1169"]
[BlackElo "1657"]
[PlyCount "95"]
[EventDate "2009.??.??"]
[WhiteTeam "VfB Hermsdorf e.V."]
[BlackTeam "SK König Tegel 1949 e.V."]

1. e4 c5 2. Nc3 Nc6 3. Qh5 d6 4. Bc4 g6 5. Qg5 Bg7 6. Nf3 h6 7. Qg3 Nf6 8. Nh4
Ne5 9. Be2 a6 10. f4 Nc6 11. O-O Nd4 12. Bd1 b5 13. Nxg6 fxg6 14. Qxg6+ Kf8 15.
Kh1 Qe8 16. Qg3 b4 17. e5 bxc3 18. dxc3 Ne4 19. Qe3 Qb5 20. Re1 Nxc3 21. Qxc3
Qb4 22. Qe3 Nf5 23. Qf2 Bb7 24. c3 Qb5 25. Kg1 Rd8 26. a4 Qc6 27. Bf3 Qc7 28.
g4 Bxf3 29. Qxf3 Nh4 30. Qf2 Ng6 31. Qc2 Nh4 32. Qf2 Ng6 33. e6 Bf6 34. g5 hxg5
35. fxg5 d5 36. gxf6 exf6 37. Qxf6+ Kg8 38. Qxg6+ Qg7 39. Qxg7+ Kxg7 40. Bf4
Kg6 41. Re5 Kh7 42. e7 Rhg8+ 43. Kh1 Rde8 44. Re6 Rg4 45. Rd1 Rxf4 46. Rxd5
Rxa4 47. Rd8 Ra1+ 48. Kg2 1-0

[Event "Lichtenberger Sommer"]
[Site "Berlin"]
[Date "2009.08.21"]
[Round "7.98"]
[White "Fege, Julian"]
[Black "Möller, Dirk"]
[Result "0-1"]
[WhiteElo "1007"]
[BlackElo "1602"]
[PlyCount "58"]
[EventDate "2009.??.??"]
[WhiteTeam "SC Friesen Lichtenberg e.V."]
[BlackTeam "SC Kreuzberg e.V."]

1. e4 c5 2. Nf3 Nc6 3. d4 cxd4 4. Nxd4 Nf6 5. Nc3 e6 6. Bg5 Be7 7. Bb5 O-O 8.
Nxc6 bxc6 9. Bd3 d6 10. Qf3 e5 11. O-O Bb7 12. h3 d5 13. Bxf6 Bxf6 14. Rad1 d4
15. Bc4 Qa5 16. Ne2 c5 17. c3 Qa4 18. Bb3 Qa6 19. c4 Qc6 20. Ng3 Rab8 21. Rfe1
Qe6 22. Nf5 a5 23. Rc1 Ba6 24. Qe2 Rfd8 25. Red1 Bb7 26. Ba4 Bg5 27. Rc2 Ba6
28. b3 Qg6 29. Rdc1 d3 0-1

[Event "Lichtenberger Sommer"]
[Site "Berlin"]
[Date "2009.08.21"]
[Round "7.99"]
[White "Noakes, Günther"]
[Black "Kammler, Hans-Joachim"]
[Result "0-1"]
[WhiteElo "1059"]
[BlackElo "1276"]
[PlyCount "56"]
[EventDate "2009.??.??"]
[WhiteTeam "SF Hamburg eV 1934"]
[BlackTeam "SG Eckturm"]

1. Nf3 Nf6 2. d4 e6 3. c4 d5 4. c5 Nc6 5. e3 b6 6. Bb5 Bd7 7. Qa4 Na5 8. Bxd7+
Qxd7 9. Qxd7+ Nxd7 10. b3 bxc5 11. Bd2 Nc6 12. dxc5 Bxc5 13. a3 a5 14. Bc3 f6
15. Nbd2 e5 16. O-O Kf7 17. Rfd1 Nb6 18. g3 Rad8 19. Nh4 d4 20. exd4 exd4 21.
Bb2 Rhe8 22. Re1 Ne5 23. Ne4 Bf8 24. Nf5 Nf3+ 25. Kg2 Nxe1+ 26. Rxe1 c5 27.
Nfd6+ Bxd6 28. Nxd6+ Rxd6 0-1

[Event "Lichtenberger Sommer"]
[Site "Berlin"]
[Date "2009.08.21"]
[Round "7.101"]
[White "Lippianowski, Stefan"]
[Black "Glase, Johan"]
[Result "0-1"]
[WhiteElo "936"]
[BlackElo "964"]
[PlyCount "34"]
[EventDate "2009.??.??"]
[WhiteTeam "Treptower SV 1949 e.V."]
[BlackTeam "SC Friesen Lichtenberg e.V."]

1. e4 c5 2. Bc4 e6 3. Nf3 Nf6 4. Nc3 d5 5. exd5 exd5 6. Qe2+ Be7 7. Bb5+ Bd7 8.
Ne5 d4 9. Qc4 O-O 10. Nd5 Bxb5 11. Qxb5 Qxd5 12. Qe2 Qxg2 13. Rf1 Qxh2 14. d3
Re8 15. Bd2 Bd6 16. f4 Qxe2+ 17. Kxe2 Bxe5 0-1

[Event "Lichtenberger Sommer"]
[Site "Berlin"]
[Date "2009.08.22"]
[Round "8.1"]
[White "Von Herman, Ulf"]
[Black "Rabiega, Robert"]
[Result "1/2-1/2"]
[WhiteElo "2400"]
[BlackElo "2551"]
[PlyCount "64"]
[EventDate "2009.??.??"]
[WhiteTeam "SK König Tegel 1949 e.V."]
[BlackTeam "SK König Tegel 1949 e.V."]

1. d4 d5 2. c4 Nc6 3. Nf3 Bg4 4. Nc3 e6 5. Bg5 Be7 6. cxd5 exd5 7. Bxe7 Ngxe7
8. e3 O-O 9. Be2 Nc8 10. Qb3 Nb6 11. O-O a5 12. Ne1 a4 13. Qd1 Bxe2 14. Nxe2
Nc4 15. Nd3 Qd6 16. Nc3 a3 17. b3 Nb6 18. Nb5 Qe7 19. Qc1 Ra5 20. Nc3 Nd8 21.
Nc5 c6 22. Rb1 Ne6 23. N3a4 Nxa4 24. Nxa4 f5 25. Qc3 Rb5 26. f4 Ra8 27. Qd3 g6
28. Rbe1 Re8 29. Nc3 Ra5 30. Qd2 Ra7 31. Nd1 Nd8 32. Nf2 Nf7 1/2-1/2

[Event "Lichtenberger Sommer"]
[Site "Berlin"]
[Date "2009.08.22"]
[Round "8.2"]
[White "Kalinitschew, Sergey"]
[Black "Klundt, Klaus"]
[Result "0-1"]
[WhiteElo "2488"]
[BlackElo "2333"]
[PlyCount "114"]
[EventDate "2009.??.??"]
[WhiteTeam "SK Zehlendorf e.V."]
[BlackTeam "vereinslos"]

1. d4 d5 2. c4 c6 3. Nf3 Nf6 4. e3 e6 5. Bd3 Nbd7 6. b3 Bd6 7. Bb2 O-O 8. Nbd2
b6 9. O-O Bb7 10. Qe2 c5 11. Ne5 Ne4 12. Rad1 Nxd2 13. Rxd2 cxd4 14. exd4 Nxe5
15. dxe5 Bb4 16. Rdd1 Qe7 17. cxd5 Bxd5 18. Qh5 g6 19. Qg4 Rfc8 20. Bc1 Bc3 21.
Qg3 Qc7 22. Bf4 Bb4 23. h4 a5 24. h5 a4 25. Bb1 axb3 26. axb3 Qb7 27. hxg6 fxg6
28. Bh6 Bf8 29. Bxf8 Rxf8 30. Rd4 Ra3 31. Rb4 Qc7 32. Kh2 Rf7 33. Rh4 Rxb3 34.
Qg5 Qe7 35. Qh6 Qf8 36. Qd2 Rxb1 37. Rxb1 Rxf2 38. Qg5 Rxg2+ 39. Qxg2 Bxg2 40.
Kxg2 Qf5 41. Re1 Qg5+ 42. Kh3 h5 43. Ra4 Kg7 44. Kh2 Kh6 45. Rae4 Qf5 46. Kg2
g5 47. R4e3 h4 48. Rf1 Qc2+ 49. Rf2 Qc6+ 50. Kh2 Kh5 51. Rfe2 g4 52. Re4 Kg5
53. Re1 b5 54. R4e2 Qf3 55. Kg1 h3 56. Rf2 Qg3+ 57. Kf1 h2 0-1

[Event "Lichtenberger Sommer"]
[Site "Berlin"]
[Date "2009.08.22"]
[Round "8.4"]
[White "Meister, Jakob"]
[Black "Kachibadze, Georg"]
[Result "1-0"]
[WhiteElo "2484"]
[BlackElo "2224"]
[PlyCount "113"]
[EventDate "2009.??.??"]
[WhiteTeam "SK Zehlendorf e.V."]
[BlackTeam "SK König Tegel 1949 e.V."]

1. e4 c5 2. Nf3 d6 3. Bb5+ Nc6 4. O-O Bd7 5. Re1 Nf6 6. c3 a6 7. Bf1 Bg4 8. h3
Bh5 9. d3 e6 10. Bg5 Be7 11. Nbd2 h6 12. Bh4 O-O 13. Qc2 b5 14. a4 Qb6 15. Ra2
Bg6 16. axb5 axb5 17. Rea1 Rxa2 18. Rxa2 d5 19. exd5 Nxd5 20. Bxe7 Ncxe7 21.
Ne5 Qc7 22. Nxg6 Nxg6 23. Qb1 Rb8 24. Qa1 Ne5 25. Ra7 Rb7 26. Ra8+ Rb8 27. g3
b4 28. c4 Nb6 29. Rxb8+ Qxb8 30. Qa5 Nbd7 31. Qa6 Qc7 32. Qa8+ Kh7 33. Qe4+ f5
34. Qe3 Qd6 35. Nb3 Nc6 36. Bg2 Nd4 37. Nxd4 cxd4 38. Qe2 e5 39. g4 e4 40. gxf5
exd3 41. Qxd3 Nc5 42. Qd2 d3 43. Bf3 b3 44. Qe3 g6 45. fxg6+ Qxg6+ 46. Kf1 Qg5
47. h4 Qxe3 48. fxe3 Kg7 49. Ke1 Na4 50. Bd1 Nc5 51. Kd2 Kf6 52. Kc3 Ke5 53.
Bf3 d2 54. Kxd2 Na4 55. Bd1 Nxb2 56. Bxb3 Ke4 57. c5 1-0

[Event "Lichtenberger Sommer"]
[Site "Berlin"]
[Date "2009.08.22"]
[Round "8.6"]
[White "Giemsa, Stephan"]
[Black "Schatz, Dieter"]
[Result "1-0"]
[WhiteElo "2301"]
[BlackElo "2203"]
[PlyCount "115"]
[EventDate "2009.??.??"]
[WhiteTeam "SK König Tegel 1949 e.V."]
[BlackTeam "SK Landau"]

1. d4 Nf6 2. c4 g6 3. Nc3 Bg7 4. e4 d6 5. Bd3 O-O 6. Nge2 e5 7. d5 Nbd7 8. O-O
Nc5 9. Bc2 a5 10. Rb1 Bd7 11. f3 Qc8 12. Be3 b6 13. b3 Ne8 14. a3 f5 15. exf5
Bxf5 16. b4 axb4 17. axb4 Nb7 18. Ng3 Ra3 19. Rb3 Qa8 20. Nxf5 gxf5 21. Nb5 Ra2
22. Bb1 Ra1 23. f4 Qa4 24. g4 fxg4 25. Qc2 Rf7 26. Qxh7+ Kf8 27. Qd3 e4 28. Qc2
Nf6 29. Bd4 Nxd5 30. Bxa1 Bxa1 31. cxd5 Qxb5 32. Kg2 Be5 33. Ra3 Bf6 34. Ra8+
Nd8 35. Qxe4 Qd7 36. Bd3 Rg7 37. Qe6 Qxe6 38. dxe6 Ke7 39. Bf5 d5 40. Kg3 Kd6
41. Re1 Nc6 42. Bxg4 Nxb4 43. h4 Nd3 44. Rh1 Nc5 45. h5 Ne4+ 46. Kf3 Nd2+ 47.
Ke2 Ne4 48. Rg1 c5 49. Rg2 c4 50. h6 Rh7 51. Rh2 d4 52. Kf3 Nc5 53. Bf5 Rh8 54.
Rxh8 Bxh8 55. Rg2 d3 56. Ke3 Nb3 57. Rg7 Nc5 58. e7 1-0

[Event "Lichtenberger Sommer"]
[Site "Berlin"]
[Date "2009.08.22"]
[Round "8.7"]
[White "Bach, Matthias"]
[Black "Friedrich, Wiede"]
[Result "1/2-1/2"]
[WhiteElo "2307"]
[BlackElo "2087"]
[PlyCount "141"]
[EventDate "2009.??.??"]
[WhiteTeam "Hamburger SK von 1830 eV"]
[BlackTeam "USV Potsdam e.V., Abt. Schach"]

1. b4 e5 2. Bb2 Bxb4 3. Bxe5 Nf6 4. Nc3 Nc6 5. Bxf6 Qxf6 6. Nd5 Qd6 7. Nxb4
Qxb4 8. g3 Qe4 9. f3 Qe7 10. Nh3 b6 11. Bg2 Ba6 12. e3 O-O-O 13. Kf2 g5 14. f4
f6 15. Qh5 Qe6 16. Rhd1 g4 17. f5 Qg8 18. Nf4 Ne7 19. d3 Bb7 20. e4 c5 21. c4
Qg7 22. Bf1 Nc6 23. Be2 Ne5 24. a4 Rdg8 25. a5 Qf8 26. axb6 axb6 27. Nd5 Bxd5
28. cxd5 Kb7 29. Ra2 Rg5 30. Qh4 Qf7 31. Rda1 Rb8 32. Qh6 Rh5 33. Qf4 Rxh2+ 34.
Ke3 Kc8 35. Bxg4 Qg7 36. Bf3 Rxa2 37. Rxa2 Kb7 38. g4 Ra8 39. Rxa8 Kxa8 40. Be2
h6 41. Kd2 Qg5 42. Qxg5 hxg5 43. Kc3 b5 44. d4 cxd4+ 45. Kxd4 b4 46. d6 Kb7 47.
Bb5 Kb6 48. Ba4 Ka5 49. Bd1 Kb5 50. Kd5 b3 51. Bxb3 Nxg4 52. Bc4+ Kb6 53. Be2
Ne5 54. Bd1 g4 55. Kd4 g3 56. Ke3 Kc6 57. Bf3 Nxf3 58. Kxf3 Kxd6 59. Kxg3 Ke5
60. Kf3 Kd4 61. Kf4 d6 62. Kf3 Kd3 63. Kf4 Ke2 64. e5 dxe5+ 65. Ke4 Kf2 66. Kd5
e4 67. Kxe4 Kg3 68. Ke3 Kg4 69. Ke4 Kg5 70. Ke3 Kxf5 71. Kf3 1/2-1/2

[Event "Lichtenberger Sommer"]
[Site "Berlin"]
[Date "2009.08.22"]
[Round "8.8"]
[White "Sabrowski, Uwe"]
[Black "Vogel, Robert"]
[Result "0-1"]
[WhiteElo "2127"]
[BlackElo "2318"]
[PlyCount "76"]
[EventDate "2009.??.??"]
[WhiteTeam "SC Friesen Lichtenberg e.V."]
[BlackTeam "SGem Pang/Rosenheim"]

1. d4 Nf6 2. c4 c5 3. d5 e6 4. Nc3 exd5 5. cxd5 d6 6. e4 g6 7. f4 Bg7 8. Nf3
O-O 9. Be2 Nbd7 10. O-O Re8 11. Nd2 a6 12. a4 Rb8 13. Kh1 Nb6 14. Ra3 Bd7 15.
g4 h6 16. Bf3 Nc8 17. a5 Na7 18. Re1 Nb5 19. Nxb5 axb5 20. a6 b4 21. Rae3 Bb5
22. axb7 Rxb7 23. b3 Ra7 24. Nc4 Bxc4 25. bxc4 Nd7 26. Qc2 Qh4 27. R3e2 Ra1 28.
Bd2 Rea8 29. Rxa1 Rxa1+ 30. Kg2 Bd4 31. Be3 Bxe3 32. Rxe3 Qf6 33. e5 dxe5 34.
fxe5 Nxe5 35. Qb2 Rg1+ 36. Kh3 Nxg4 37. Qxf6 Nxf6 38. d6 Rc1 0-1

[Event "Lichtenberger Sommer"]
[Site "Berlin"]
[Date "2009.08.22"]
[Round "8.9"]
[White "Solonar, Stefan"]
[Black "Kohler, Thomas"]
[Result "1/2-1/2"]
[WhiteElo "2364"]
[BlackElo "2241"]
[PlyCount "33"]
[EventDate "2009.??.??"]
[WhiteTeam "SC Heusenstamm"]
[BlackTeam "SC Zitadelle Spandau 1977 e.V."]

1. Nf3 Nf6 2. c4 g6 3. Nc3 Bg7 4. e4 d6 5. d4 O-O 6. Be2 e5 7. O-O Na6 8. Be3
c6 9. d5 Ng4 10. Bg5 f6 11. Bd2 f5 12. exf5 gxf5 13. Bg5 Nf6 14. a3 c5 15. Nd2
Bd7 16. f4 e4 17. Qb3 1/2-1/2

[Event "Lichtenberger Sommer"]
[Site "Berlin"]
[Date "2009.08.22"]
[Round "8.10"]
[White "Syska, Albert"]
[Black "Meißner, Hans-Jürgen"]
[Result "0-1"]
[WhiteElo "2268"]
[BlackElo "2213"]
[PlyCount "82"]
[EventDate "2009.??.??"]
[WhiteTeam "SK 1879 HD-Handschuhsheim"]
[BlackTeam "SV Empor Berlin e.V."]

1. e4 c5 2. Nf3 d6 3. d4 cxd4 4. Nxd4 Nf6 5. Nc3 a6 6. Be3 e6 7. f3 b5 8. Qd2
Nbd7 9. O-O-O Bb7 10. g4 Nb6 11. Qf2 Nfd7 12. Kb1 Rc8 13. Nce2 Nc4 14. Nc1 Nxe3
15. Qxe3 Be7 16. Rg1 O-O 17. g5 Qc7 18. Rg2 d5 19. exd5 Bxd5 20. Nf5 Bc5 21.
Qc3 Qe5 22. Qd3 Nb6 23. Ng3 Rfd8 24. Qe2 Qxg5 25. Ne4 Qe7 26. Nd3 Bxe4 27. fxe4
Nc4 28. Rg3 Bd6 29. Rh3 g6 30. Re1 Qc7 31. Qf2 Bf8 32. Rc1 Bg7 33. e5 Nxe5 34.
Nxe5 Qxe5 35. c4 bxc4 36. Re3 Qd4 37. Re2 Rb8 38. Qxd4 Rxd4 39. Rec2 Rf4 40.
Ka1 a5 41. Rg2 c3 0-1

[Event "Lichtenberger Sommer"]
[Site "Berlin"]
[Date "2009.08.22"]
[Round "8.11"]
[White "Sieglen, Joachim"]
[Black "Keil, Uwe"]
[Result "1-0"]
[WhiteElo "2339"]
[BlackElo "2141"]
[PlyCount "83"]
[EventDate "2009.??.??"]
[WhiteTeam "SV Marbach"]
[BlackTeam "SC Friesen Lichtenberg e.V."]

1. d4 Nf6 2. c4 c5 3. d5 g6 4. Nc3 d6 5. e4 Bg7 6. h3 O-O 7. Nf3 e6 8. Bd3 exd5
9. cxd5 a6 10. a4 Nbd7 11. O-O Qc7 12. Re1 Re8 13. Bf4 c4 14. Bf1 Rb8 15. a5 b5
16. axb6 Rxb6 17. Qc2 Nh5 18. Bh2 Rb4 19. Ra4 Qb6 20. Rxb4 Qxb4 21. Nd2 Nb6 22.
Ra1 Bh6 23. Nf3 Bg7 24. Na4 Bd7 25. Nxb6 Qxb6 26. Qxc4 Qxb2 27. Rxa6 Nf6 28.
Ra2 Qb1 29. Nd2 Qd1 30. Bxd6 Rc8 31. Qe2 Qc1 32. Be7 Nh5 33. Bg5 h6 34. Be3 Qc3
35. Qd3 Qb4 36. g3 Rc3 37. Qb1 Qd6 38. Nc4 Rxc4 39. Bxc4 Nxg3 40. Kg2 Nh5 41.
Ra8+ Kh7 42. Qb8 1-0

[Event "Lichtenberger Sommer"]
[Site "Berlin"]
[Date "2009.08.22"]
[Round "8.12"]
[White "Schindler, Samuel"]
[Black "Gräfe, Charly"]
[Result "1-0"]
[WhiteElo "2260"]
[BlackElo "1889"]
[PlyCount "113"]
[EventDate "2009.??.??"]
[WhiteTeam "SC Pfullendorf"]
[BlackTeam "SF Friedrichshagen"]

1. d4 d5 2. Bf4 Nf6 3. e3 c5 4. Nf3 Nc6 5. c3 e6 6. Nbd2 Bd6 7. Bg3 O-O 8. Bd3
a6 9. Ne5 Qc7 10. f4 Ne8 11. O-O f5 12. Bh4 Nf6 13. Kh1 Ne4 14. Nxe4 dxe4 15.
Bc2 b5 16. a4 Bb7 17. Qe2 bxa4 18. Qc4 Rfe8 19. Bxa4 Bf8 20. b4 Nxe5 21. fxe5
Bd5 22. Qe2 cxd4 23. Bxe8 Rxe8 24. cxd4 Bxb4 25. Rfc1 Qd7 26. Rxa6 Rc8 27. Raa1
Bc3 28. Rab1 Bc4 29. Qd1 Bd3 30. Rb3 Ba5 31. h3 h6 32. Rxc8+ Qxc8 33. Ra3 Bb6
34. Qb3 Qc6 35. Qc3 Qxc3 36. Rxc3 Ba5 37. Rc8+ Kf7 38. Bf2 g5 39. Ra8 Bd2 40.
Ra2 Bb4 41. Ra1 f4 42. Be1 Bxe1 43. Rxe1 Kg6 44. Kg1 h5 45. Kf2 Kf5 46. Rc1 Kg6
47. Rc8 Kg7 48. Rc5 Kf7 49. Rc6 Bb5 50. Rc8 Kg7 51. h4 fxe3+ 52. Kxe3 gxh4 53.
Kxe4 Bf1 54. Kf3 h3 55. gxh3 Bxh3 56. Kf4 Bg2 57. Kg5 1-0

[Event "Lichtenberger Sommer"]
[Site "Berlin"]
[Date "2009.08.22"]
[Round "8.13"]
[White "Rietze, Clemens"]
[Black "Ozeran, Volodymyr"]
[Result "0-1"]
[WhiteElo "2192"]
[BlackElo "2064"]
[PlyCount "130"]
[EventDate "2009.??.??"]
[WhiteTeam "USV Potsdam e.V., Abt. Schach"]
[BlackTeam "SK Dessau 93 e. V."]

1. d4 Nf6 2. c4 e6 3. Nf3 b6 4. a3 Bb7 5. Nc3 Be7 6. Qc2 d5 7. cxd5 Nxd5 8. e4
Nxc3 9. bxc3 c5 10. Bd3 Qc7 11. O-O cxd4 12. cxd4 Qxc2 13. Bxc2 O-O 14. Bb2 Nd7
15. Rad1 Nf6 16. Rfe1 Rfd8 17. Ne5 Rac8 18. Bb1 Rc7 19. f3 Ne8 20. Kf2 Nd6 21.
Ba2 Ba6 22. Rc1 Rdc8 23. Rxc7 Rxc7 24. Rc1 Rxc1 25. Bxc1 Bb5 26. Bb3 Kf8 27. a4
Be8 28. Ke3 Nb7 29. Bd2 b5 30. axb5 Bxb5 31. Bc4 Bxc4 32. Nxc4 Nd6 33. Na5 Nb5
34. Kd3 Bd6 35. h3 Ke8 36. Kc4 Na3+ 37. Kb3 Kd7 38. Bc1 Nb5 39. Kc4 a6 40. Nb7
Nc7 41. Nxd6 Kxd6 42. Bf4+ Kc6 43. Bxc7 Kxc7 44. Kc5 g5 45. e5 h5 46. g3 Kb7
47. f4 gxf4 48. gxf4 a5 49. d5 exd5 50. Kxd5 a4 51. Kc4 Kc6 52. f5 a3 53. Kb3
Kd5 54. e6 fxe6 55. f6 Kd6 56. Kxa3 e5 57. f7 Ke7 58. f8=Q+ Kxf8 59. Kb3 Kf7
60. Kc3 Kf6 61. Kd3 Kf5 62. Ke3 e4 63. Ke2 Kf4 64. Kf2 h4 65. Ke2 Kg3 0-1

[Event "Lichtenberger Sommer"]
[Site "Berlin"]
[Date "2009.08.22"]
[Round "8.14"]
[White "Zschäbitz, Klaus"]
[Black "Richter, Michael"]
[Result "1/2-1/2"]
[WhiteElo "2101"]
[BlackElo "2427"]
[PlyCount "103"]
[EventDate "2009.??.??"]
[WhiteTeam "BSG 1827 Eckbauer e.V."]
[BlackTeam "Schachpinguine Berlin e.V."]

1. d4 d5 2. Bf4 e6 3. e3 Bd6 4. Nf3 Bxf4 5. exf4 c5 6. dxc5 Qa5+ 7. c3 Qxc5 8.
Qd4 Qxd4 9. Nxd4 Nc6 10. Nf3 Nge7 11. Na3 O-O 12. Nc2 f6 13. Ncd4 Ng6 14. f5
exf5 15. O-O-O Rd8 16. Bb5 Nce5 17. Rhe1 f4 18. h3 Bd7 19. Bxd7 Rxd7 20. Re2
Kf7 21. Kc2 Re8 22. Nd2 f3 23. gxf3 Nf4 24. Re3 Ng2 25. Re2 Nf4 26. Re3 g5 27.
Rh1 h5 28. h4 Ng2 29. hxg5 Nxe3+ 30. fxe3 Rh8 31. gxf6 Kxf6 32. e4 Ng6 33. exd5
Rxd5 34. Ne4+ Kf7 35. f4 h4 36. f5 Ne7 37. Ng5+ Kf6 38. Ne4+ Kf7 39. Ng5+ Kf6
40. Ne4+ Ke5 41. f6 Nf5 42. Nxf5 Kxf5 43. f7 Kxe4 44. Rxh4+ Rxh4 45. f8=Q Rh2+
46. Kb3 Rb5+ 47. Kc4 Rbxb2 48. Qe7+ Kf3 49. Qf6+ Kg3 50. Qg5+ Kf3 51. Qf6+ Kg3
52. Qg5+ 1/2-1/2

[Event "Lichtenberger Sommer"]
[Site "Berlin"]
[Date "2009.08.22"]
[Round "8.15"]
[White "Carlstedt, Jonathan"]
[Black "Heuser, Philip"]
[Result "1/2-1/2"]
[WhiteElo "2309"]
[BlackElo "2081"]
[PlyCount "115"]
[EventDate "2009.??.??"]
[WhiteTeam "Hamburger SK von 1830 eV"]
[BlackTeam "SG Heidelberg-Kirchheim"]

1. c4 e6 2. g3 c5 3. Bg2 Nc6 4. Nc3 Nf6 5. e4 d5 6. cxd5 exd5 7. d3 dxe4 8.
dxe4 Qxd1+ 9. Kxd1 Bg4+ 10. f3 O-O-O+ 11. Ke1 Nb4 12. Kf1 Be6 13. Nge2 Bd6 14.
a3 Nc2 15. Rb1 c4 16. Nf4 Bd7 17. Bd2 Nd4 18. Be3 Be5 19. Kf2 Bc6 20. Rhd1 Kb8
21. Bf1 b5 22. Nfd5 Bxd5 23. exd5 Nf5 24. Nxb5 Nxe3 25. Kxe3 Rhe8 26. Kf2 Nxd5
27. Bxc4 Nb6 28. Bxf7 Rxd1 29. Rxd1 Rf8 30. Be6 Bxb2 31. Rb1 Be5 32. f4 Bf6 33.
Kf3 Rd8 34. Rb3 Re8 35. f5 Rd8 36. Ke3 Bg5+ 37. Ke4 Bf6 38. g4 h6 39. Rd3 Rxd3
40. Kxd3 a6 41. Nd4 Kc7 42. Bc4 a5 43. Bb3 Kd6 44. Ne6 Nd7 45. Bd1 Nc5+ 46.
Nxc5 Kxc5 47. Ke4 Bb2 48. a4 Bf6 49. Be2 Kd6 50. Bb5 Bg5 51. Kd4 Bf6+ 52. Kc4
Bg5 53. Be8 Ke5 54. Bd7 Kf6 55. Kb5 Bd2 56. h4 Be1 57. Bc6 Bd2 58. Bd7 1/2-1/2

[Event "Lichtenberger Sommer"]
[Site "Berlin"]
[Date "2009.08.22"]
[Round "8.16"]
[White "Plump, Detlef"]
[Black "Kayser, Stefan"]
[Result "1-0"]
[WhiteElo "2256"]
[BlackElo "1964"]
[PlyCount "131"]
[EventDate "2009.??.??"]
[WhiteTeam "Chessclub York"]
[BlackTeam "Schachclub Oranienburg e.V."]

1. e4 c6 2. d4 d5 3. Nc3 dxe4 4. Nxe4 Bf5 5. Ng3 Bg6 6. Nf3 Nd7 7. h4 h6 8. h5
Bh7 9. Bd3 Bxd3 10. Qxd3 e6 11. Bf4 Qa5+ 12. Bd2 Qc7 13. O-O-O Ngf6 14. Kb1 Bd6
15. Ne4 Nxe4 16. Qxe4 Nf6 17. Qe2 O-O-O 18. c4 c5 19. Bc3 Rhe8 20. dxc5 Qxc5
21. Ne5 Bxe5 22. Bxe5 Ng4 23. Rxd8+ Rxd8 24. Bxg7 Qf5+ 25. Qc2 Qxf2 26. Qxf2
Nxf2 27. Rf1 Ne4 28. Rxf7 Rd1+ 29. Kc2 Rd2+ 30. Kb3 Rxg2 31. Bxh6 Rh2 32. Bg7
Rxh5 33. Bd4 Nc5+ 34. Kc3 a6 35. Re7 Rh3+ 36. Kc2 Rh4 37. Kc3 Rh3+ 38. Kb4 Nd3+
39. Ka5 e5 40. Bc3 Rh6 41. b4 Rc6 42. c5 Rg6 43. Bxe5 Nxe5 44. Rxe5 Kc7 45. a4
Rg1 46. Re7+ Kc6 47. b5+ axb5 48. axb5+ Kxc5 49. Rc7+ Kd6 50. Kb6 Rb1 51. Rxb7
Rb2 52. Rh7 Rb1 53. Ka6 Rb2 54. b6 Kc6 55. Rc7+ Kd6 56. Kb7 Rb1 57. Ka7 Rb2 58.
Rh7 Rb1 59. b7 Ra1+ 60. Kb8 Ra2 61. Kc8 Rc2+ 62. Kd8 Rb2 63. Rd7+ Ke6 64. Kc8
Rh2 65. b8=Q Rh8+ 66. Rd8 1-0

[Event "Lichtenberger Sommer"]
[Site "Berlin"]
[Date "2009.08.22"]
[Round "8.17"]
[White "Reichenbach, Werner"]
[Black "Costello, Colin"]
[Result "1-0"]
[WhiteElo "2297"]
[BlackElo "2038"]
[PlyCount "77"]
[EventDate "2009.??.??"]
[WhiteTeam "SK Zehlendorf e.V."]
[BlackTeam "SC Weisse Dame e.V."]

1. e4 e5 2. Nf3 Nc6 3. Bb5 Nf6 4. O-O Bc5 5. d3 d6 6. c3 O-O 7. h3 Bd7 8. Re1
a6 9. Ba4 Qe7 10. Nbd2 b5 11. Bb3 Be6 12. Nf1 Bxb3 13. axb3 Nh5 14. d4 Bb6 15.
Ne3 exd4 16. Nf5 Qd7 17. N3xd4 Bxd4 18. cxd4 Nf6 19. Bg5 Kh8 20. Bxf6 gxf6 21.
Qf3 Rg8 22. Kh2 Qe6 23. Rec1 Nxd4 24. Nxd4 Qe5+ 25. Kh1 Qxd4 26. Rxc7 Rge8 27.
Rd1 Qe5 28. Rxf7 Rf8 29. Rxf8+ Rxf8 30. Rd5 Qxb2 31. g3 Rc8 32. e5 Qb1+ 33. Rd1
Qg6 34. Rxd6 a5 35. Rxf6 Qe8 36. Qf5 Rc1+ 37. Kh2 Rc8 38. Rf7 Qg8 39. Qf6+ 1-0